| 000 | 01114nam a2200289 a 4500 | ||
|---|---|---|---|
| 001 | BRL_1009 | ||
| 005 | 20190320211007.0 | ||
| 008 | 311013s1973----mx-b######---#000-0#spa-# | ||
| 041 | _aspa | ||
| 044 | _amx | ||
| 050 | 4 |
_aHC137 _b.R58 1973 |
|
| 100 | 1 |
_aRivière d´Arc, Hélène _925559 |
|
| 245 | 1 | 0 |
_aGuadalajara y su región _binfluencias y dificultades de una metropoli mexicana _cHélène Rivière d´Arc ; Traducción de: Carlos Montemayor y Josefina Anaya. |
| 260 |
_aMéxico _bSecretaría de Educación Pública _c1973 |
||
| 300 |
_a231 p. _bil., mapas _c17 cm. |
||
| 440 | 0 |
_aSepsetentas _v106 _922717 |
|
| 500 | _aAu1105 | ||
| 500 | _aEstado físico: Se estan desprendiendo las hojas | ||
| 500 | _aTraducción de: Guadalajara et sa région. Influences et difficultés d´une Metropole Mexicaine. | ||
| 504 | _aBibliografía: p. 228 | ||
| 651 | 4 |
_aGuadalajara (Jalisco) _xCondiciones sociales _925560 |
|
| 651 | 4 |
_aGuadalajara (Jalisco) _xCondiciones ecionómicas _925561 |
|
| 700 | 1 |
_aMontemayor, Carlos _etr. _925562 |
|
| 700 | 1 |
_aAnaya, Josefina _etr. _925563 |
|
| 902 | _aGRL | ||
| 942 |
_2lcc _cB |
||
| 999 |
_c9821 _d9821 |
||